Logo BPK

Biblioteka

Politechniki Koszalińskiej

`Türlosigkeit' : (Rekord nr 50480)

Szczegóły MARC
000 -ETYKIETA REKORDU
podpole kontrolne o stałej długości 00767nam a2200217 i 4500
001 - NUMER KONTROLNY REKORDU
pole kontrolne bgj
040 ## - ŹRÓDŁO KATALOGOWANIA
Instytucja, która utworzyła rekord BPK
041 0# - KOD JĘZYKA
Kod języka tekstu ger
044 ## - KOD KRAJU WYDAWCY/PRODUCENTA
Kod kraju wydawcy/producenta DEU
080 ## - UNIWERSALNA KLASYFIKACJA DZIESIĘTNA - UKD
UKD 821.112.2
008 - POLE O STAŁEJ DŁUGOŚCI - DANE KONTROLNE
podpole kontrolne o stałej długości s gw f |000 0 ger
100 1# - NAZWA OSOBOWA
Nazwa osobowa FREIJ, Lars W.
245 10 - TYTUŁ/ODPOWIEDZIALNOŚĆ
Tytuł `Türlosigkeit' :
Ciąg dalszy tytułu Robert Musils "Törless" in Mikroanalysen mit Ausblicken auf ander Texte des Dichters
Pozostałe elementy strefy tytułu i oznaczenia odpowiedzialności hrsg. von Hans Jürgen Geerdts.
260 ## - STREFA ADRESU WYDAWNICZEGO
Miejsce wydania Stockholm :
Nazwa wydawcy/dystrybutora Almqvist & Wiksell,
Data publikacji, dystrybucji/powstania dokumentu 1972.
300 ## - STREFA OPISU FIZYCZNEGO
Objętość X, 221 s. ;
Rozmiary 24 cm.
490 1# - STREFA SERII I DOKUMENTU WIELOCZĘŚCIOWEGO - FORMA NIE DO WYSZUKIWANIA
Tytuł i oznaczenie odpowiedzialności serii Acta Universitatis Stockholmiensis
-- Stockholmer Germanistische Forschungen
Numeracja w obrębie serii 12
504 ## - UWAGA DOTYCZĄCA BIBLIOGRAFII
Informacje o bibliografii Bibliogr. s. 214-221.
650 9# - HASŁO PRZEDMIOTOWE W FORMIE NAZWY OGÓLNEJ LUB JEDNOSTKOWEJ
Nazwa ogólna lub geograficzna Literatura niemiecka
830 ## - HASŁO DODATKOWE SERII LUB DOKUMENTU WIELOCZĘŚCIOWEGO - TYTUŁ UJEDNOLICONY
Tytuł ujednolicony Acta Universitatis Stockholmiensis
Nazwa części/sekcji dzieła Stockholmer Germanistische Forschungen
942 ## - DODATKOWE ELEMENTY (KOHA)
Typ dokumentu Książka
Egzemplarze
Wycofany Status egzemplarza Uszkodzony Dostępność Lokalizacja stała Lokalizacja bieżąca Miejsce przechowywania Sygnatura Kod kreskowy Typ dokumentu
      Tylko na miejscu Biblioteka Politechniki Koszalińskiej Biblioteka Politechniki Koszalińskiej Czytelnia Wydziałowa ul. Kwiatkowskiego 6e N 403 02122458 Książka
© 2023 Biblioteka Politechniki Koszalińskiej :: KOHA